<?xml version="1.0" encoding="UTF-8"?>
<record
    xmlns:xsi="http://www.w3.org/2001/XMLSchema-instance"
    xsi:schemaLocation="http://www.loc.gov/MARC21/slim http://www.loc.gov/standards/marcxml/schema/MARC21slim.xsd"
    xmlns="http://www.loc.gov/MARC21/slim">

  <leader>01728nam a22002297a 4500</leader>
  <datafield tag="999" ind1=" " ind2=" ">
    <subfield code="c">60328</subfield>
    <subfield code="d">60328</subfield>
  </datafield>
  <controlfield tag="003">Ge_BSU</controlfield>
  <controlfield tag="005">20230629120303.0</controlfield>
  <controlfield tag="008">230629s1998    ge ||||| |||| 00| 0 geo d</controlfield>
  <datafield tag="020" ind1=" " ind2=" ">
    <subfield code="a">9992865251</subfield>
  </datafield>
  <datafield tag="041" ind1=" " ind2=" ">
    <subfield code="a">geo</subfield>
  </datafield>
  <datafield tag="080" ind1=" " ind2=" ">
    <subfield code="a">091.33 &#x10D0;-48</subfield>
  </datafield>
  <datafield tag="100" ind1=" " ind2=" ">
    <subfield code="a">&#x10D0;&#x10DA;&#x10D4;&#x10E5;&#x10E1;&#x10D8;&#x10EB;&#x10D4;, &#x10D6;&#x10D0;&#x10D6;&#x10D0;</subfield>
    <subfield code="9">19069</subfield>
  </datafield>
  <datafield tag="245" ind1=" " ind2=" ">
    <subfield code="a">&#x10D0;&#x10DA;&#x10D1;&#x10D0;&#x10DC;&#x10E3;&#x10E0;&#x10D8; &#x10DB;&#x10EC;&#x10D4;&#x10E0;&#x10DA;&#x10DD;&#x10D1;&#x10D8;&#x10E1; &#x10EB;&#x10D4;&#x10D2;&#x10DA;&#x10D8; &#x10E1;&#x10D8;&#x10DC;&#x10D0;&#x10E1; &#x10DB;&#x10D7;&#x10D0;&#x10D6;&#x10D4; &#x10D3;&#x10D0; &#x10DB;&#x10D8;&#x10E1;&#x10D8; &#x10DB;&#x10DC;&#x10D8;&#x10E8;&#x10D5;&#x10DC;&#x10D4;&#x10DA;&#x10DD;&#x10D1;&#x10D0; &#x10D9;&#x10D0;&#x10D5;&#x10D9;&#x10D0;&#x10E1;&#x10D8;&#x10DD;&#x10DA;&#x10DD;&#x10D2;&#x10D8;&#x10D8;&#x10E1;&#x10D0;&#x10D7;&#x10D5;&#x10D8;&#x10E1; = Georgian-Albanian palimpsest on Mt. Sinal and its relevance to caucasian studies = &#x41F;&#x430;&#x43C;&#x44F;&#x442;&#x43D;&#x438;&#x43A; &#x430;&#x43B;&#x431;&#x430;&#x43D;&#x441;&#x43A;&#x43E;&#x439; &#x43F;&#x438;&#x441;&#x44C;&#x43C;&#x435;&#x43D;&#x43D;&#x43E;&#x441;&#x442;&#x438; &#x43D;&#x430; &#x441;&#x438;&#x43D;&#x430;&#x439;&#x441;&#x43A;&#x43E;&#x439; &#x433;&#x43E;&#x440;&#x435; &#x438; &#x435;&#x433;&#x43E; &#x437;&#x43D;&#x430;&#x447;&#x435;&#x43D;&#x438;&#x435; &#x434;&#x43B;&#x44F; &#x43A;&#x430;&#x432;&#x43A;&#x430;&#x437;&#x43E;&#x432;&#x435;&#x434;&#x435;&#x43D;&#x438;&#x44F; /</subfield>
    <subfield code="c"> &#x10D6;&#x10D0;&#x10D6;&#x10D0; &#x10D0;&#x10DA;&#x10D4;&#x10E5;&#x10E1;&#x10D8;&#x10EB;&#x10D4;; &#x10D7;&#x10E1;&#x10E3;, &#x10D9;&#x10DA;&#x10D0;&#x10E1;&#x10D8;&#x10D9;. &#x10E4;&#x10D8;&#x10DA;&#x10DD;&#x10DA;., &#x10D1;&#x10D8;&#x10D6;&#x10D0;&#x10DC;&#x10E2;. &#x10D3;&#x10D0; &#x10DC;&#x10D4;&#x10DD;&#x10D2;&#x10E0;&#x10D4;&#x10EA;. &#x10D8;&#x10DC;-&#x10E2;&#x10D8;.</subfield>
  </datafield>
  <datafield tag="264" ind1=" " ind2=" ">
    <subfield code="a">&#x10D7;&#x10D1;&#x10D8;&#x10DA;&#x10D8;&#x10E1;&#x10D8; : </subfield>
    <subfield code="b">&#x10DA;&#x10DD;&#x10D2;&#x10DD;&#x10E1;&#x10D8;,</subfield>
    <subfield code="c"> [1998].</subfield>
  </datafield>
  <datafield tag="300" ind1=" " ind2=" ">
    <subfield code="a">78 &#x10D2;&#x10D5;. ; </subfield>
    <subfield code="b">20 &#x10E1;&#x10DB;.</subfield>
  </datafield>
  <datafield tag="490" ind1=" " ind2=" ">
    <subfield code="a">&#x10DE;&#x10E0;&#x10DD;&#x10D2;&#x10E0;&#x10D0;&#x10DB;&#x10D0; "&#x10DA;&#x10DD;&#x10D2;&#x10DD;&#x10E1;&#x10D8;" : &#x10DE;&#x10E3;&#x10D1;&#x10DA;&#x10D8;&#x10D9;&#x10D0;&#x10EA;&#x10D8;&#x10D4;&#x10D1;&#x10D8; &#x10D3;&#x10D0; &#x10E6;&#x10DD;&#x10DC;&#x10D8;&#x10E1;&#x10EB;&#x10D8;&#x10D4;&#x10D1;&#x10D4;&#x10D1;&#x10D8; &#x10D9;&#x10DA;&#x10D0;&#x10E1;&#x10D8;&#x10D9;&#x10E3;&#x10E0;&#x10D8; &#x10E4;&#x10D8;&#x10DA;&#x10DD;&#x10DA;&#x10DD;&#x10D2;&#x10D8;&#x10D8;&#x10E1;, &#x10D1;&#x10D8;&#x10D6;&#x10D0;&#x10DC;&#x10E2;&#x10D8;&#x10DC;&#x10D8;&#x10E1;&#x10E2;&#x10D8;&#x10D9;&#x10D8;&#x10E1;&#x10D0; &#x10D3;&#x10D0; &#x10DC;&#x10D4;&#x10DD;&#x10D2;&#x10E0;&#x10D4;&#x10EA;&#x10D8;&#x10E1;&#x10E2;&#x10D8;&#x10D9;&#x10D8;&#x10E1; &#x10E1;&#x10E4;&#x10D4;&#x10E0;&#x10DD;&#x10E8;&#x10D8;.</subfield>
  </datafield>
  <datafield tag="504" ind1=" " ind2=" ">
    <subfield code="a">&#x10D1;&#x10D8;&#x10D1;&#x10DA;&#x10D8;&#x10DD;&#x10D2;&#x10E0;.: &#x10D2;&#x10D5;. 75-78.</subfield>
  </datafield>
  <datafield tag="653" ind1=" " ind2=" ">
    <subfield code="a">&#x10D0;&#x10DA;&#x10D1;&#x10D0;&#x10DC;&#x10E3;&#x10E0;&#x10D8; &#x10DB;&#x10EC;&#x10D4;&#x10E0;&#x10DA;&#x10DD;&#x10D1;&#x10D8;&#x10E1; &#x10EB;&#x10D4;&#x10D2;&#x10DA;&#x10D4;&#x10D1;&#x10D8;</subfield>
  </datafield>
  <datafield tag="653" ind1=" " ind2=" ">
    <subfield code="a">&#x10DE;&#x10D0;&#x10DA;&#x10D8;&#x10DB;&#x10E4;&#x10E1;&#x10D4;&#x10E2;&#x10D4;&#x10D1;&#x10D8;</subfield>
  </datafield>
  <datafield tag="710" ind1=" " ind2=" ">
    <subfield code="a"> &#x10D7;&#x10E1;&#x10E3;</subfield>
    <subfield code="b">&#x10D9;&#x10DA;&#x10D0;&#x10E1;&#x10D8;&#x10D9;. &#x10E4;&#x10D8;&#x10DA;&#x10DD;&#x10DA;., &#x10D1;&#x10D8;&#x10D6;&#x10D0;&#x10DC;&#x10E2;. &#x10D3;&#x10D0; &#x10DC;&#x10D4;&#x10DD;&#x10D2;&#x10E0;&#x10D4;&#x10EA;. &#x10D8;&#x10DC;-&#x10E2;&#x10D8;.</subfield>
    <subfield code="9">19070</subfield>
  </datafield>
  <datafield tag="942" ind1=" " ind2=" ">
    <subfield code="2">udc</subfield>
    <subfield code="c">BK</subfield>
  </datafield>
  <datafield tag="952" ind1=" " ind2=" ">
    <subfield code="0">0</subfield>
    <subfield code="1">0</subfield>
    <subfield code="2">udc</subfield>
    <subfield code="4">0</subfield>
    <subfield code="6">09133_&#x10D0;48</subfield>
    <subfield code="7">0</subfield>
    <subfield code="9">95351</subfield>
    <subfield code="a">CPL</subfield>
    <subfield code="b">CPL</subfield>
    <subfield code="c">GEN</subfield>
    <subfield code="d">2023-06-29</subfield>
    <subfield code="g">4.00</subfield>
    <subfield code="o">091.33 &#x10D0;-48</subfield>
    <subfield code="p">64861</subfield>
    <subfield code="r">2023-06-29</subfield>
    <subfield code="t">64861</subfield>
    <subfield code="u">&#x10D1;&#x10E1;&#x10E3;-&#x10E1; &#x10E1;&#x10D0;&#x10DE;&#x10D0;&#x10E2;&#x10D8;&#x10DD; &#x10D3;&#x10DD;&#x10E5;&#x10E2;&#x10DD;&#x10E0;&#x10D8;&#x10E1; &#x10D2;&#x10E3;&#x10E0;&#x10D0;&#x10DB; &#x10DA;&#x10DD;&#x10E0;&#x10D7;&#x10E5;&#x10D8;&#x10E4;&#x10D0;&#x10DC;&#x10D8;&#x10EB;&#x10D8;&#x10E1; &#x10E1;&#x10D0;&#x10E9;&#x10E3;&#x10E5;&#x10D0;&#x10E0;&#x10D8;</subfield>
    <subfield code="w">2023-06-29</subfield>
    <subfield code="y">BK</subfield>
    <subfield code="z">4 &#x10DA;.</subfield>
  </datafield>
</record>
